01459nam a2200325 a 4500001001200000003000800012006001900020007001500039008004100054010001700095020001500112040002100127035002000148050002400168082001900192110011000211245026600321260005500587300002200642504004100664533015200705650002900857650001300886650001600899650002700915655002900942710001700971856012600988999001901114ebr10041186CaPaEBRm u cr cn|||||||||960205s1995 dcua sb 000 0 eng d z 95071602  z0309053471 aCaPaEBRcCaPaEBR a(OCoLC)4347574414aQ180.U5bN25 1995eb04a353.0085/52202 aNational Research Council (U.S.).bCommittee on Criteria for Federal Support of Research and Development.10aAllocating federal funds for science and technologyh[electronic resource] /cCommittee on Criteria for Federal Support of Research and Development, National Academy of Sciences, National Academy of Engineering, Institute of Medicine, National Research Council. aWashington, D.C. :bNational Academy Press,c1995. aix, 97 p. :bill. aIncludes bibliographical references. aElectronic reproduction.bPalo Alto, Calif. :cebrary,d2013.nAvailable via World Wide Web.nAccess may be limited to ebrary affiliated libraries. 0aFederal aid to research. 0aScience. 0aTechnology. 0aEndowment of research. 7aElectronic books.2local2 aebrary, Inc.40uhttp://site.ebrary.com/lib/rucke/Doc?id=10041186zAn electronic book accessible through the World Wide Web; click to view c159249d159249